<?xml version="1.0" encoding="UTF-8"?>
<collection xmlns="http://www.loc.gov/MARC21/slim">
 <record>
  <leader>00459pamaa2200157   4500</leader>
  <controlfield tag="001">0000008645</controlfield>
  <controlfield tag="005">20060320090000.0</controlfield>
  <datafield tag="020" ind1="0" ind2="0">
   <subfield code="a">0023106409 </subfield>
  </datafield>
  <datafield tag="082" ind1=" " ind2=" ">
   <subfield code="a">535 BLA</subfield>
  </datafield>
  <datafield tag="090" ind1="0" ind2="0">
   <subfield code="a">QC355.2 </subfield>
   <subfield code="b">BLA</subfield>
  </datafield>
  <datafield tag="100" ind1="1" ind2="0">
   <subfield code="a">BLAKER </subfield>
  </datafield>
  <datafield tag="245" ind1="1" ind2="0">
   <subfield code="a">Optics : </subfield>
   <subfield code="b">an introduction for students of engineering  </subfield>
   <subfield code="c">J. Warren Blaker, William M. Rosenblum.</subfield>
  </datafield>
  <datafield tag="260" ind1="0" ind2="0">
   <subfield code="a">New York: </subfield>
   <subfield code="b">Macmillan Pub., </subfield>
   <subfield code="c">1993.</subfield>
  </datafield>
  <datafield tag="300" ind1=" " ind2=" ">
   <subfield code="a">vii, 327p.: </subfield>
   <subfield code="b">ill.; </subfield>
   <subfield code="c">25cm.</subfield>
  </datafield>
  <datafield tag="650" ind1="0" ind2="0">
   <subfield code="a">Optics </subfield>
  </datafield>
  <datafield tag="700" ind1="1" ind2="1">
   <subfield code="a">Rosenblum, </subfield>
   <subfield code="h">William M. </subfield>
  </datafield>
 </record>
</collection>
